000 01230nam a2200313 i 4500
003 EG-GICUC
005 20260121101220.0
008 251113s1992 ua ||||fr|||| 00| 0 ara d
040 _a EG-GICUC
_bara
_c EG-GICUC
_d EG-GICUC
_erda
041 0 _aara
082 0 4 _221
_a345
_bا ب . أ
092 0 4 _221
099 _aLaw1 07 345 ا ب . أ 1992
100 0 _aإبراهيم عبدالعزيز شيحا
_eمؤلف.
245 1 0 _aأصول القانون الإداري :
_bأموال الإدارة العامة وامتيازاتها دراسة مقارنة /
_cدكتور إبراهيم عبدالعزيز شيحا.
264 _aالاسكندرية :
_bمنشأة المعارف،
_c[1992].
300 _a248 صفحة ؛
_c24 سم.
336 _2rda content
_atext
337 _2rda media
_aComputer
338 _2rda carrier
_aOnline Resource
504 _aيشتمل على إرجاعات ببليوجرافية.
546 _aالنص باللغة العربية
650 1 4 _aامتيازات الادارة العامة
_2qrmak
650 1 4 _aتعريف المال العام
651 1 _2qrmak
856 4 0 _uhttps://fll.law.cu.edu.eg/fulltext/bks/B07-00567.pdf
905 _a65
942 _2ddc
_cBK
_e21
_n0
999 _c43210
_d43210